00271nam a2200097Ia 4500008004100000041000800041100002900049245004500078260003100123999001900154241105s9999 xx 000 0 und d aeng aItraj Bhagyashri9182887 aArts And Crafts Village At Khed-Shivapur bBNCA B-Arch ID, Punec2016 c361180d361180